ბათუმის შოთა რუსთაველის სახელმწიფო უნივერსიტეტის ბიბლიოთეკა

Deutsche Literaturgeschichte : (ბიბ.ჩანაწერი № 62159)

000 -LEADER
fixed length control field 00710nam a22002057a 4500
005 - DATE AND TIME OF LATEST TRANSACTION
control field 20240724171050.0
008 - FIXED-LENGTH DATA ELEMENTS--GENERAL INFORMATION
fixed length control field 240724s1999 ge ||||| |||| 00| 0 ger d
020 ## - INTERNATIONAL STANDARD BOOK NUMBER
International Standard Book Number 9783423033527 X
041 ## - LANGUAGE CODE
Language code of text/sound track or separate title ger
080 ## - UNIVERSAL DECIMAL CLASSIFICATION NUMBER
Universal Decimal Classification number 821.112.2.09 F-75
100 ## - MAIN ENTRY--PERSONAL NAME
Personal name Forster, Heinz
9 (RLIN) 22936
245 ## - TITLE STATEMENT
Title Deutsche Literaturgeschichte :
Remainder of title Band 12: Die Gegenwart 1968 - 1990 /
Statement of responsibility, etc. Riegel, Paul, Forster, Heinz
264 ## - PRODUCTION, PUBLICATION, DISTRIBUTION, MANUFACTURE, AND COPYRIGHT NOTICE
Place of production, publication, distribution, manufacture München :
Name of producer, publisher, distributor, manufacturer Deutscher Taschenbuch Verlag,
Date of production, publication, distribution, manufacture, or copyright notice 1999.
300 ## - PHYSICAL DESCRIPTION
Extent 377p.:
Other physical details 20 cm.
440 ## - SERIES STATEMENT/ADDED ENTRY--TITLE
Title Dtv,
9 (RLIN) 22938
653 ## - INDEX TERM--UNCONTROLLED
keyword Deutsche Literaturgeschicht
653 ## - INDEX TERM--UNCONTROLLED
keyword გერმანული ლიტერატურის ისტორია
700 ## - ADDED ENTRY--PERSONAL NAME
Personal name Heinz, Forster
9 (RLIN) 22937
942 ## - ADDED ENTRY ELEMENTS (KOHA)
Source of classification or shelving scheme
Koha item type წიგნი
ეგზემპლარები
Withdrawn status Lost status Source of classification or shelving scheme Damaged status Not for loan Permanent Location Current Location Shelving location Date acquired Cost, normal purchase price Full call number Barcode Date last seen Copy number Price effective from Koha item type Public note
          ბათუმის შოთა რუსთაველის სახელმწიფო უნივერსიტეტის მთავარი ბიბლიოთეკა ბათუმის შოთა რუსთაველის სახელმწიფო უნივერსიტეტის მთავარი ბიბლიოთეკა წიგნსაცავი 2024-07-24 70.00 821.112.2.09 F-75 68840 2024-07-24 68840 2024-07-24 წიგნი 70.00
          ბათუმის შოთა რუსთაველის სახელმწიფო უნივერსიტეტის მთავარი ბიბლიოთეკა ბათუმის შოთა რუსთაველის სახელმწიფო უნივერსიტეტის მთავარი ბიბლიოთეკა წიგნსაცავი 2025-09-16 101.00 821.112.2.09 F-75 72344 2025-09-16 72344 2025-09-16 წიგნი 101.00
          ბათუმის შოთა რუსთაველის სახელმწიფო უნივერსიტეტის მთავარი ბიბლიოთეკა ბათუმის შოთა რუსთაველის სახელმწიფო უნივერსიტეტის მთავარი ბიბლიოთეკა წიგნსაცავი 2025-09-16 101.00 821.112.2.09 F-75 72345 2025-09-16 72345 2025-09-16 წიგნი 101.00